| 000 | 00468nam a2200181 a 4500 | ||
|---|---|---|---|
| 001 | 1754970810267 | ||
| 003 | YourLibrary | ||
| 005 | 20250812111417.0 | ||
| 008 | 250812s2008##################000#0#eng## | ||
| 020 | _a9788177228885 | ||
| 082 | 0 | 4 |
_a006.7 _bCAM |
| 100 | 1 |
_aCampbell, Chad A., _eauthor. |
|
| 245 | 1 | 0 | _aSilverlight 2 In Action : |
| 260 |
_bDreamtech Press, _c2008. |
||
| 300 | _a402 pages | ||
| 942 | _cENGLISH | ||
| 040 |
_aYourLibrary _beng _cYourLibrary |
||
| 999 |
_c580837 _d580837 |
||